00701nam a22001337a 450000500170000000800410001705000310005810000240008924501540011326000340026730000190030150000410032065002060036120250808115232.0250808b |||||||| |||| 00| 0 eng d aTHE HG 4026 .A24 2025bC.1 aAgembe, Akali James aCapital Structure, Corporate Governance, and Financial Performance of Nonfinancial Real Sector Firms Listed at the Nairobi Securities Exchange, Kenya aKisiibKisii Universityc2025 axv, 236p.:ill. aIncludes bibliographical references. a1. Corporations—Finance—Kenya. 2. Capital structure—Kenya. 3. Corporate governance—Kenya. 4. Financial performance—Kenya. 5. Nonfinancial corporations—Kenya. 6. Nairobi Securities Exchange.